Poznámky - súčasť účtovnej závierky poisťovne a ich úprava

Enregistré dans:
Détails bibliographiques
Auteur principal: Juhászová, Zuzana, 1970-
Format: Chapitre de livre
Langue:slovaque
Tags: Ajouter un tag
Pas de tags, Soyez le premier à ajouter un tag!

MARC

LEADER 00000naa$a2200000$$$4500
001 0063413
005 20240502083152.0
041 0 |a slo 
044 |a CZ 
245 1 0 |a Poznámky - súčasť účtovnej závierky poisťovne a ich úprava  |c Zuzana Juhászová 
100 1 |a Juhászová, Zuzana, 1970-